[Event "Nezhmetdinov Memorial 32nd"]
[Site "Kazan"]
[Date "2010.06.06"]
[Round "7"]
[White "Semenova, Elena"]
[Black "Bushkov, Alexander V"]
[Result "1/2-1/2"]
[WhiteElo "2162"]
[BlackElo "2266"]
[PlyCount "30"]
[EventDate "2010.05.31"]
[EventType "swiss"]
[EventRounds "9"]
[EventCountry "RUS"]
[SourceTitle "CBM 136 Extra"]
[Source "ChessBase"]
[SourceDate "2010.07.02"]
[SourceVersion "2"]
[SourceVersionDate "2010.07.15"]
[SourceQuality "1"]

1. e4 c5 2. Nf3 d6 3. d4 cxd4 4. Nxd4 Nf6 5. Nc3 a6 6. f4 e6 7. Qf3 Qb6 8. Nb3 Nc6 9. Be3 Qc7 10. 0-0-0 b6 11. g4 Bb7 12. g5 Nd7 13. Qh3 Nb4 14. Rd2 Nc5 15. Nxc5 bxc5 1/2-1/2

[Event "Nezhmetdinov Memorial 32nd"]
[Site "Kazan"]
[Date "2010.06.01"]
[Round "2"]
[White "Bushkov, Alexander V"]
[Black "Faizrakhmanov, Ilmir"]
[Result "1-0"]
[WhiteElo "2266"]
[BlackElo "1912"]
[PlyCount "114"]
[EventDate "2010.05.31"]
[EventType "swiss"]
[EventRounds "9"]
[EventCountry "RUS"]
[SourceTitle "CBM 136 Extra"]
[Source "ChessBase"]
[SourceDate "2010.07.02"]
[SourceVersion "2"]
[SourceVersionDate "2010.07.15"]
[SourceQuality "1"]

1. e4 e5 2. Nf3 d6 3. d4 Nf6 4. Nc3 Nbd7 5. Bc4 exd4 6. Qxd4 Nb6 7. Bb3 Be7 8. a4 0-0 9. h3 Be6 10. Bxe6 fxe6 11. a5 Nc8 12. e5 dxe5 13. Qxe5 Qd6 14. Qe2 c6 15. 0-0 Bd8 16. Re1 Re8 17. Ra4 b5 18. axb6 Nxb6 19. Rd4 Nbd5 20. Ne4 Nxe4 21. Rxe4 Bf6 22. Rxe6 Rxe6 23. Qxe6+ Qxe6 24. Rxe6 Nb4 25. Bd2 Nxc2 26. Rxc6 Nd4 27. Rxf6 Ne2+ 28. Kf1 Ng3+ 29. fxg3 gxf6 30. Bc3 Kf7 31. g4 a5 32. Nd2 a4 33. Ne4 a3 34. bxa3 Rxa3 35. Ke2 Kg6 36. Bxf6 Rb3 37. Bd4 Ra3 38. Nc3 Kg5 39. Kf3 h5 40. gxh5 Kxh5 41. Kf4 Ra8 42. Ne4 Ra2 43. Bf2 Ra3 44. g4+ Kg6 45. h4 Rh3 46. g5 Rh1 47. Kg4 Rh2 48. Bg3 Rh1 49. Nf2 Ra1 50. h5+ Kh7 51. Ne4 Ra4 52. Kf5 Ra5+ 53. Be5 Ra6 54. Nf6+ Kh8 55. g6 Ra2 56. Ng4+ Kg8 57. Nh6+ Kf8 1-0

[Event "Privolzhskogo FO-ch"]
[Site "Kazan"]
[Date "2009.01.23"]
[Round "3"]
[White "Bushkov, Alexander V"]
[Black "Yandemirov, Valeri"]
[Result "0-1"]
[WhiteElo "2295"]
[BlackElo "2474"]
[PlyCount "82"]
[EventDate "2009.01.21"]
[EventType "swiss"]
[EventRounds "9"]
[EventCountry "RUS"]
[SourceTitle "EXT 2010"]
[Source "ChessBase"]
[SourceDate "2010.11.25"]
[SourceVersion "1"]
[SourceVersionDate "2010.11.25"]
[SourceQuality "1"]

1. e4 e5 2. Nf3 Nc6 3. Bb5 a6 4. Ba4 d6 5. 0-0 Bg4 6. h3 h5 7. Bxc6+ bxc6 8. d4 Bxf3 9. Qxf3 exd4 10. Re1 Qf6 11. Qb3 Ne7 12. Qb7 Rc8 13. Nd2 Qe5 14. Qxa6 Qb5 15. Qxb5 cxb5 16. Nf3 c5 17. e5 Nc6 18. exd6+ Kd7 19. b4 Bxd6 20. bxc5 Bxc5 21. Bb2 Kc7 22. Rad1 Rhd8 23. Ne5 Ra8 24. Nxc6 Kxc6 25. a3 Ra4 26. Rd3 Rc4 27. Red1 Rxc2 28. Bxd4 Bxd4 29. Rxd4 Rxd4 30. Rxd4 Rc3 31. a4 Kc5 32. Rh4 b4 33. Rxh5+ Kc4 34. Kf1 b3 35. Rb5 Kd3 36. g4 Kc2 37. h4 b2 38. Rxb2+ Kxb2 39. Kg2 Kb3 40. a5 Kc4 41. h5 Kd5 0-1